00579nam a2200145 a 450000100100000000500170001000800410002704000250006808200150009310000270010824500780013526000850021330000200029850001150031800002907020200930055319.0110413s2003 dr 000 0 spa d aDO-SdBNPbspacBNPHU axxxbM379m1 aMartín Pumarol, Juan10aMercadeo en los 90's :bun antes y un después /cJuan Martín Pumarol. aSanto Domingo :bUniversidad Católica Santo DomingobEdiciones Alandar,c2003. a20 p. ;c22 cm. aUniversidad Católica Santo Domingo Congreso Académico Empresarial tendencias de mercadeo 10 anos después